Normal view
MARC view
Entry Personal Name
001 - CONTROL NUMBER
- control field: 11627
003 - CONTROL NUMBER IDENTIFIER
- control field: BD-RjUL
005 - DATE AND TIME OF LATEST TRANSACTION
- control field: 20240211151233.0
008 - FIXED-LENGTH DATA ELEMENTS
- fixed length control field: 240211|| aca||aabn | a|a d
040 ## - CATALOGING SOURCE
- Original cataloging agency: BD-RjUL
- Transcribing agency: BD-RjUL
100 ## - HEADING--PERSONAL NAME
- Personal name: Minorsky, Vladimir,
- Dates associated with a name: 1877-1966
670 ## - SOURCE DATA FOUND
- Source citation: Work cat.: (BD-RjUL)83039: Tadhkirat al-muluk :, 1980, c1943.